Architectural Atlas of Bratislava : BA City Center 1990 - 2020 /

Uložené v:
Podrobná bibliografia
Hlavný autor: Žalman, Peter, 1953- (Autor)
Médium: Kniha
Jazyk:English
Vydavateľské údaje: Bratislava : Peter Žalman, 2025
Vydanie:1. vydanie
Predmet:
Tagy: Pridať tag
Žiadne tagy, Buďte prvý, kto otaguje tento záznam!

MARC

LEADER 00000nam a22000003a 4500
001 0140086
003 SK-STU
005 20260212152035.5
007 ta
008 260212s ----xo-----e------000-0-----d
020 |a 978-80-970111-7-8 
040 |a STU  |b slo 
041 0 |a eng 
044 |a xo 
100 1 |a Žalman, Peter,  |d 1953-  |4 aut  |X 339  |7 A000000339 
245 1 0 |a Architectural Atlas of Bratislava :  |b BA City Center 1990 - 2020 /  |c aut. Peter Žalman 
250 |a 1. vydanie 
260 |a Bratislava :  |b Peter Žalman,  |c 2025 
300 |a 246 s. 
650 0 7 |a architektúra slovenská 
650 0 7 |a Bratislava - Staré Mesto 
650 0 7 |a centrum mesta 
650 0 7 |a architektúra súčasná 
650 0 7 |a novostavby 
996 |b 284AU10604  |c A* 13778/U  |l AAKNST  |s P  |a 0  |w 0140086_0001 
996 |b 284AU10605  |c A* 13779/U  |l AAKNAR  |s A  |a 24  |w 0140086_0002